A First Course in Spectral Theory (Record no. 1715481)

MARC details
000 -LEADER
fixed length control field 00320 a2200121 4500
000 - LEADER
fixed length control field nam a22 7a 4500
005 - DATE AND TIME OF LATEST TRANSACTION
control field 20260316113813.0
020 ## - INTERNATIONAL STANDARD BOOK NUMBER
International Standard Book Number 9781470471927
100 ## - MAIN ENTRY--PERSONAL NAME
Personal name Milivoje Lukić
9 (RLIN) 1132135
245 ## - TITLE STATEMENT
Title A First Course in Spectral Theory
260 ## - PUBLICATION, DISTRIBUTION, ETC.
Name of publisher, distributor, etc. American Mathematical Society
Date of publication, distribution, etc. 2022
942 ## - ADDED ENTRY ELEMENTS (KOHA)
Koha item type Textual
Holdings
Withdrawn status Lost status Source of classification or shelving scheme Damaged status Not for loan Home library Current library Date acquired Source of acquisition Cost, normal purchase price Inventory number Total Checkouts Barcode Date last seen Cost, replacement price Price effective from Koha item type
    Colon Classification (CC)   Ordered South Campus Library South Campus Library 2026-03-16 64 5344.29 096 & 26/12/2025   SC1809421 2026-03-16 7634.70 2026-03-16 Textual
Copyright @ Delhi University Library System